特急「あずさ / かいじ / 富士回遊」の停車駅 - Statistics

General Stats
  • This quiz has been taken 288 times
  • The average score is 26 of 32
Answer Stats
停車駅 % Correct
東京
100%
新宿
100%
甲府
97%
八王子
97%
立川
96%
大月
96%
松本
95%
千葉
94%
塩尻
91%
船橋
90%
錦糸町
87%
河口湖
87%
下諏訪
87%
小淵沢
86%
上諏訪
86%
岡谷
84%
茅野
82%
山梨市
82%
石和温泉
81%
白馬
81%
富士山
81%
竜王
78%
塩山
77%
富士急ハイランド
76%
信濃大町
76%
韮崎
75%
富士見
72%
勝沼ぶどう郷
70%
都留文科大学前
65%
豊科
54%
穂高
54%
下吉田
46%
No matching quizzes found
Score Distribution
Percent of People with Each Score
Percentile by Number Answered
Your Score History
You have not taken this quiz